000
00242nam a2200097Ia 4500
005
20251222154349.0
008
251222s9999||||xx |||||||||||||| ||spa||
082
_a
643.6/A95
245
0
_a
Guía de la decoración: Nuevo estilo 1994
942
_c
LIB
999
_c
34825
_d
34825